| 000 | 01184cam a2200229 4500 | ||
|---|---|---|---|
| 001 | WB3826-14 | ||
| 008 | 020718n2002 000 0 eng u | ||
| 035 | _a(Sirsi) u118900 | ||
| 245 | _aMore help with house repairs | ||
| 260 | _c2002 | ||
| 490 |
_aODPM News Release _v(031) 18 July 2002, (3) |
||
| 520 | _aNew powers for local authorities to help homeowners with houses in poor repair through financial assistance have come into force. The previous prescriptive rules governing the way councils could offer house renovation grants are replaced with a general financial power to assist through grants, loans or equity release policies. Councils will have greater discretion to design their own strategies for private sector renewal. The Regulatory Reform (Housing Assistance) (England and Wales) Order 2002 will shortly be available at http://www.legislation.hmso.gov.uk/stat.htm http://www.odpm.gov.uk/news/0207/0031.htm | ||
| 590 | _aWB | ||
| 650 | _aLOCAL AUTHORITIES | ||
| 650 | _aHOUSE RENOVATION | ||
| 650 | _aHOUSE RENOVATION GRANTS | ||
| 650 | _aPRIVATE SECTOR RENEWAL | ||
| 650 | _aLOANS | ||
| 650 | _aHOUSING ASSISTANCE | ||
| 690 | _aHOUSING | ||
| 942 | _n0 | ||
| 999 |
_c70772 _d70772 |
||